| 000 | 00795nam a2200229Ia 4500 | ||
|---|---|---|---|
| 001 | 21699 | ||
| 005 | 20260407101742.0 | ||
| 008 | 260320s9999||||xx |||||||||||||| ||und|| | ||
| 020 | _a9786123226169 | ||
| 041 | _aESP | ||
| 082 |
_a657 _bV49 |
||
| 100 |
_aVergara Silva, Mario Miguel, _eAUT |
||
| 245 | 0 |
_aUS GAAP: Manual de normas contables americanas : _baplicable para empresas en el Perú emitidas por el FASB |
|
| 250 | _aPrimera edición | ||
| 260 |
_aLima : _bInstituto Pacífico _c2025 |
||
| 300 |
_a495 páginas : _bilustraciones, cuadros ; _c25 cm. |
||
| 650 | _aCIS | ||
| 653 | _aContabilidad; Normas contables | ||
| 654 | _aCCO | ||
| 856 |
_uhttps://ebooks7-24-com.ucsp.lookproxy.com/stage.aspx?il=&pg=&ed= _zVéase además: Base de datos Ebook7-24 |
||
| 942 |
_cLIB _dJUS _fMIP _2ddc |
||
| 999 |
_c21699 _d21699 |
||